[Event "CAT-chT Honor Division 2019"]
[Site "Catalonia"]
[Date "2019.02.16"]
[Round "5.2"]
[White "Gonzalez Rodriguez, Jorge A."]
[Black "Gonzalez Garcia, Jose"]
[Result "0-1"]
[WhiteElo "2199"]
[BlackElo "2492"]
[Annotator "ChessBase"]
[PlyCount "94"]
[EventDate "2019.01.16"]
[EventType "team-tourn"]
[EventCountry "ESP"]
[SourceTitle "playchess.com"]
[Source "ChessBase"]
[SourceQuality "1"]
[WhiteTeam "Figueres"]
[BlackTeam "Colon Sabadell Chessy"]
[TimeControl "5400+30"]

1. c4 {[%emt 0:00:00]} e6 {[%emt 0:07:14]} 2. Nc3 {[%emt 0:00:00]} d5 {[%emt 0:00:20]} 3. d4 {[%emt 0:00:00]} Bb4 {[%emt 0:01:25]} 4. e3 Nf6 {[%emt 0:01:30]} 5. Qa4+ {[%emt 0:05:11]} Nc6 {[%emt 0:00:24]} 6. cxd5 {[%emt 0:00:02]} exd5 {[%emt 0:00:27]} 7. Bd3 {[%emt 0:05:42]} O-O {[%emt 0:07:53]} 8. Nge2 {[%emt 0:02:10]} Bd6 {[%emt 0:02:13]} 9. h3 {[%emt 0:00:24]} Nb4 {[%emt 0:02:59]} 10. Bb1 {[%emt 0:00:10]} c5 {[%emt 0:00:36]} 11. dxc5 {[%emt 0:04:57]} Bxc5 {[%emt 0:00:15]} 12. O-O {[%emt 0:00:14]} Qe7 {[%emt 0:11:13]} 13. a3 {[%emt 0:06:06]} Nc6 {[%emt 0:01:30]} 14. Qh4 Rd8 {[%emt 0:03:54]} 15. Rd1 {[%emt 0:06:22]} Be6 {[%emt 0:02:54]} 16. b4 {[%emt 0:08:14]} Bd6 {[%emt 0:10:18]} 17. Bb2 {[%emt 0:01:50]} h6 {[%emt 0:01:25]} 18. Nb5 {[%emt 0:01:51]} Be5 {[%emt 0:03:06]} 19. Nbd4 {[%emt 0:00:40]} Bd7 {[%emt 0:06:11]} 20. Nxc6 {[%emt 0:10:08]} bxc6 {[%emt 0:03:15]} 21. Bxe5 {[%emt 0:00:38]} Qxe5 {[%emt 0:00:04]} 22. Qd4 {[%emt 0:01:39]} Qe7 {[%emt 0:04:55]} 23. Bc2 {[%emt 0:15:17]} Re8 {[%emt 0:02:31]} 24. Rdc1 {[%emt 0:02:58]} a5 {[%emt 0:04:27]} 25. Qc5 {[%emt 0:00:55]} axb4 {[%emt 0:00:38]} 26. axb4 {[%emt 0:00:03]} Qe5 {[%emt 0:02:06]} 27. Qd4 {[%emt 0:10:58]} Qe7 {[%emt 0:00:37]} 28. Qc5 {[%emt 0:02:38]} Qe5 {[%emt 0:00:35]} 29. Nd4 {[%emt 0:01:32]} Qg5 {[%emt 0:00:43]} 30. Nf3 Qh5 {[%emt 0:00:08]} 31. Qd6 {[%emt 0:04:32]} Bxh3 {[%emt 0:05:10]} 32. Qxc6 {[%emt 0:03:03]} Bxg2 {[%emt 0:04:15]} 33. Kxg2 {[%emt 0:04:16]} Qg4+ {[%emt 0:00:06]} 34. Kf1 {[%emt 0:00:11]} Rac8 {[%emt 0:00:19]} 35. Qxe8+ {[%emt 0:00:22]} Rxe8 {[%emt 0:00:10]} 36. Nd4 {[%emt 0:00:03]} g6 {[%emt 0:03:02]} 37. b5 {[%emt 0:01:36]} Qh3+ {[%emt 0:00:31]} 38. Ke2 {[%emt 0:01:34]} Ng4 {[%emt 0:00:12]} 39. Ra3 {[%emt 0:00:48]} Qg2 {[%emt 0:00:30]} 40. Rf1 {[%emt 0:00:03]} Nxe3 {[%emt 0:02:05]} 41. Rxe3 {[%emt 0:01:01]} Rxe3+ {[%emt 0:00:10]} 42. Kxe3 {[%emt 0:00:01]} Qxf1 {[%emt 0:00:06]} 43. Bb3 {[%emt 0:01:16]} Qe1+ {[%emt 0:01:22]} 44. Kd3 {[%emt 0:00:01]} Qe4+ {[%emt 0:01:50]} 45. Kc3 {[%emt 0:00:06]} h5 {[%emt 0:00:50]} 46. Nc6 {[%emt 0:00:55]} Qe1+ {[%emt 0:01:20]} 47. Kd4 {[%emt 0:01:25]} Qd2+ {[%emt 0:00:50]} 0-1

[Event "CAT-chT Honor Division 2019"]
[Site "Catalonia"]
[Date "2019.02.16"]
[Round "5.3"]
[White "Fluvia Poyatos, Joan"]
[Black "Martin Gonzalez, Angel"]
[Result "0-1"]
[WhiteElo "2475"]
[BlackElo "2336"]
[Annotator "TA"]
[PlyCount "110"]
[EventDate "2019.01.16"]
[EventType "team-tourn"]
[EventCountry "ESP"]
[SourceTitle "playchess.com"]
[Source "ChessBase"]
[SourceQuality "1"]
[WhiteTeam "Sant Josep Badalona"]
[BlackTeam "Barcelona"]

{[%evp 24,110,47,35,46,33,45,44,43,-75,-63,-84,-71,-71,-81,-100,-71,-74,-73,-66,-45,-66,-68,-100,-77,-94,-93,-129,-129,-117,-115,-546,-107,-494,-130,-394,-324,-847,-832,-761,-718,-711,-704,-711,-424,-394,-191,-375,-378,-366,-365,-375,-366,-641,-628,-1004,-966,-771,-546,-1555,-1137,-1098,-710,-710,-468,-385,-340,-710,-710,-703,-698,-690,-690,-689,-680,-668,-651,-679,-679,-677,-458,-443,-316,-689,-637,-771,-769,-1012,-661]} 1. e4 c5 2. Nf3 d6 3. d4 cxd4 4. Nxd4 Nf6 5. Nc3 g6 6. Be3 Bg7 7. f3 Nc6 8. Bc4 O-O 9. Qd2 Bd7 10. O-O-O Rc8 11. Bb3 Nxd4 12. Bxd4 b5 13. Nd5 Nxd5 $1 {B78: Sicilian Dragon: Yugoslav Attack, 9 Bc4 Bd7 10 0-0-0 Rc8} 14. Bxg7 Kxg7 15. exd5 a5 {Strongly threatening ...a4.White is slightly better.} 16. a4 (16. a3 $14 {stays ahead.}) (16. a3 Kg8 17. Rhe1 Rc5 18. Re3 b4 19. axb4 axb4 20. Qxb4 Qa8 21. Kd2 {½-½ (46) Alekseenko,K (2609)-Vocaturo,D (2620) Batumi 2018}) 16... bxa4 $17 17. Bxa4 Bxa4 18. Qd4+ Kg8 19. Qxa4 Rc5 $146 ({Predecessor:} 19... Qb6 20. Rhe1 Rc7 21. Re2 {1-0 (51) Petersen,S (2131)-Lauridsen,J (2289) Skorping 2017}) 20. Rhe1 Qc7 21. Re4 Rb8 22. Rde1 Qb6 23. Qa2 Rbc8 $36 {[%mdl 2048] Black is really pushing.} 24. c3 Kf8 25. Kc2 R8c7 26. Rd1 Rb5 27. Rdd4 $2 {[%mdl 8192]} (27. Kc1 $17 {is a better chance.}) 27... a4 $2 (27... f5 $19 {is more deadly.} 28. Rf4 e5 29. dxe6 g5 {[%mdl 64] Trapped Piece} 30. Rxf5+ Rxf5) 28. h4 $2 {[%mdl 8192]} (28. Rd2 $17 {nothing else works.}) 28... h5 $2 ({Less strong is} 28... Rb7 29. Kd3 $19) (28... f5 $19 29. Rf4 Rb7) 29. Rf4 $2 {[%mdl 8192]} (29. Rd2 $17) 29... Rb7 $19 {[%cal Rb5b2]} 30. Rb4 $2 (30. Kd3 Kg7 31. Qxa4) 30... Qf2+ {[%mdl 64] [#] Double Attack} 31. Kd3 Qf1+ 32. Kd2 Qxg2+ 33. Ke3 Qg1+ 34. Ke2 Qc5 (34... Qh2+ $142 35. Kd3 {[#]} a3 $1 {[%mdl 512]} 36. Qxa3 Rxd5+ 37. Rfd4 Rxb4 38. Qxb4 Rf5) 35. Rfc4 $2 (35. Qc4) 35... Rxb4 36. cxb4 {[%mdl 4096] Endgame KQR-KQR} Qb5 37. Kf2 Kg7 38. Re4 $2 (38. b3 axb3 39. Qb2+ f6 40. Qxb3) 38... Rc7 {( -> ...Rc2+)} 39. Re2 Qxb4 40. Kg3 Qd4 {...Rc4 is the strong threat.} 41. b3 axb3 42. Qxb3 Rc4 43. Qb2 Qxb2 44. Rxb2 {KR-KR} Rd4 45. Rb5 $2 (45. Rb7) 45... Kf6 46. Ra5 Rd2 47. Kf4 Rh2 48. Kg3 Re2 49. Ra3 Ke5 50. Rd3 f5 51. Rd1 Re3 52. Kf2 f4 53. Rg1 $2 (53. Rd2) 53... Rd3 {Black is clearly winning.} 54. Rg5+ Kf6 55. Kg2 Re3 {Accuracy: White = 21%, Black = 59%.} 0-1

[Event "CAT-chT Honor Division 2019"]
[Site "Catalonia"]
[Date "2019.02.16"]
[Round "5.3"]
[White "Comas Fabrego, Lluis"]
[Black "Serra Pages, Jordi"]
[Result "1/2-1/2"]
[WhiteElo "2467"]
[BlackElo "2253"]
[Annotator "ChessBase"]
[PlyCount "55"]
[EventDate "2019.01.16"]
[EventType "team-tourn"]
[EventCountry "ESP"]
[SourceTitle "playchess.com"]
[Source "ChessBase"]
[SourceQuality "1"]
[WhiteTeam "Colon Sabadell Chessy"]
[BlackTeam "Figueres"]
[TimeControl "5400+30"]

1. Nf3 {[%emt 0:00:00]} Nf6 {[%emt 0:05:24]} 2. b3 {[%emt 0:00:14]} b6 {[%emt 0:05:27]} 3. Bb2 {[%emt 0:05:36]} e6 {[%emt 0:00:25]} 4. g3 {[%emt 0:03:25]} Bb7 {[%emt 0:00:42]} 5. Bg2 {[%emt 0:00:06]} Be7 {[%emt 0:01:41]} 6. O-O {[%emt 0:04:02]} O-O {[%emt 0:00:07]} 7. c4 {[%emt 0:00:56]} d6 {[%emt 0:05:03]} 8. d4 {[%emt 0:01:16]} Nbd7 {[%emt 0:00:53]} 9. Nc3 {[%emt 0:05:59]} Ne4 {[%emt 0:02:10]} 10. d5 {[%emt 0:13:53]} Nxc3 {[%emt 0:06:27]} 11. Bxc3 {[%emt 0:00:31]} Bf6 {[%emt 0:03:30]} 12. Nd4 {[%emt 0:07:12]} e5 {[%emt 0:04:05]} 13. Nc6 {[%emt 0:21:41]} Qe8 {[%emt 0:03:53]} 14. b4 {[%emt 0:02:52]} Nb8 {[%emt 0:04:35]} 15. Nxb8 {[%emt 0:02:04]} Rxb8 {[%emt 0:02:53]} 16. a4 c5 {[%emt 0:16:05]} 17. dxc6 {[%emt 0:09:35]} Bxc6 {[%emt 0:00:18]} 18. Bd5 {[%emt 0:01:48]} Rc8 {[%emt 0:03:05]} 19. Bb2 {[%emt 0:00:15]} Bxd5 {[%emt 0:12:43]} 20. Qxd5 {[%emt 0:05:08]} Qe6 {[%emt 0:00:28]} 21. Rfc1 {[%emt 0:06:27]} Rc7 {[%emt 0:03:41]} 22. a5 {[%emt 0:00:06]} Rfc8 {[%emt 0:06:28]} 23. axb6 {[%emt 0:00:14]} axb6 {[%emt 0:01:44]} 24. Ra8 {[%emt 0:01:53]} Qxd5 {[%emt 0:02:02]} 25. Rxc8+ {[%emt 0:00:13]} Rxc8 {[%emt 0:00:04]} 26. cxd5 {[%emt 0:00:07]} Rxc1+ {[%emt 0:00:09]} 27. Bxc1 {[%emt 0:00:06]} b5 {[%emt 0:00:16]} 28. e4 {[%emt 0:00:14]} 1/2-1/2

[Event "CAT-chT Honor Division 2019"]
[Site "Catalonia"]
[Date "2019.02.16"]
[Round "5.4"]
[White "Ayats Llobera, Gerard"]
[Black "Panelo, Marcelo"]
[Result "1-0"]
[WhiteElo "2377"]
[BlackElo "2366"]
[Annotator "NA"]
[PlyCount "73"]
[EventDate "2019.01.16"]
[EventType "team-tourn"]
[EventCountry "ESP"]
[SourceTitle "playchess.com"]
[Source "ChessBase"]
[SourceQuality "1"]
[WhiteTeam "Barcelona"]
[BlackTeam "Sant Josep Badalona"]
[TimeControl "5400+30"]

1. e4 c5 2. Nf3 d6 3. d4 cxd4 4. Nxd4 Nf6 5. Nc3 a6 6. Bg5 e6 7. f4 h6 8. Bh4 Nbd7 9. Qe2 Qc7 10. O-O-O b5 11. e5 dxe5 12. fxe5 Qxe5 13. Qf3 Qb8 14. Bg3 Qb7 15. Be2 Bc5 16. Qd3 Qb6 17. Bf3 Bb7 18. Nxe6 fxe6 19. Qg6+ Kd8 20. Qxg7 Rf8 21. Bxb7 Qxb7 22. Rhf1 Kc8 23. Qxh6 Qb6 24. Kb1 Kb7 25. Qg7 Kc6 26. Bh4 Rg8 27. Qf7 Raf8 28. Qxe6+ Kc7 29. Rxd7+ Nxd7 30. Nd5+ Kb8 31. Rxf8+ Rxf8 32. Nxb6 Rf1+ 33. Be1 Nxb6 34. Qe2 Rg1 35. a3 Nc4 36. Ka2 Ka7 37. Bf2 1-0

[Event "CAT-chT Honor Division 2019"]
[Site "Catalonia"]
[Date "2019.02.16"]
[Round "5.4"]
[White "Ibanez Tarradellas, Eduardo"]
[Black "Diaz Camallonga, Carles"]
[Result "0-1"]
[WhiteElo "2219"]
[BlackElo "2432"]
[Annotator "TA"]
[PlyCount "62"]
[EventDate "2019.01.16"]
[EventType "team-tourn"]
[EventCountry "ESP"]
[SourceTitle "playchess.com"]
[Source "ChessBase"]
[SourceQuality "1"]
[WhiteTeam "Figueres"]
[BlackTeam "Colon Sabadell Chessy"]

{[%evp 18,62,16,15,23,19,11,13,16,0,12,11,29,-1,0,0,0,0,15,21,20,6,19,-7,0,-15,0,0,0,-49,-67,-62,-27,-31,-15,-45,-37,-48,0,0,0,-65,-55,-539,-509,-689,-683]} 1. d4 e6 2. Nf3 Nf6 3. Bg5 c5 4. e3 cxd4 5. exd4 b6 6. Nbd2 Bb7 7. Bd3 Be7 8. O-O O-O 9. Re1 h6 10. Bh4 Nh5 {A46: 1 d4 Nf6 2 Nf3 e6: Torre, London and Colle Systems} (10... d6 11. Bxf6 Bxf6 12. c3 Nd7 13. Nf1 g6 14. Ng3 Bg7 15. a4 Re8 16. Be4 Bxe4 17. Nxe4 d5 18. Ned2 {0-1 (67) Zherebukh,Y (2636)-Vorontsov,P (2539) Columbus 2017}) 11. Bxe7 Qxe7 12. a4 $146 {[%cal Ba2a4,Ba4a5][%mdl 32]} ({Predecessor:} 12. c3 d6 13. a4 Nd7 14. a5 Qd8 15. Qa4 Qc7 16. Be4 Nhf6 17. Bxb7 Qxb7 18. Qb4 {1-0 (66) Andreasson,I (2334)-Eriksson,A (2357) Sweden 2010}) 12... Nf6 {The position is equal.} 13. a5 Na6 14. c3 d6 15. Ra3 Nc7 16. Qe2 Ncd5 17. g3 Qc7 18. Rea1 Rfe8 19. Bb5 Rec8 20. Ba6 Bxa6 21. Qxa6 Rab8 {aiming for ...b5.} 22. Rb3 Qd7 {[#] ...b5 is the strong threat.} 23. c4 b5 $1 24. cxb5 Ra8 25. Kg2 Qd8 {[%mdl 1024] Black has compensation.} 26. Ra4 Nc7 $36 {[%mdl 2048] White is under pressure.} 27. Qc6 Ncd5 28. Qa6 $1 Nc7 (28... Nb6 $11 29. Ra1 (29. axb6 axb6 30. Nb1 Rxa6 $17) 29... Nbd5) 29. Qc6 $15 Rab8 30. Nc4 $2 {[%mdl 8192]} ({Better is} 30. Ne4 $15 Nxe4 31. Qxe4) 30... Nxb5 $1 $19 {[%mdl 64] [#] Discovered Attack} 31. Qa6 Nc7 {[%mdl 64] Discovered Attack. Accuracy: White = 45%, Black = 74%.} 0-1

[Event "CAT-chT Honor Division 2019"]
[Site "Catalonia"]
[Date "2019.02.16"]
[Round "5.5"]
[White "Lorenzo De La Riva, Lazaro"]
[Black "Pijuan Herranz, Manuel"]
[Result "0-1"]
[WhiteElo "2397"]
[BlackElo "2206"]
[Annotator "NA"]
[PlyCount "104"]
[EventDate "2019.01.16"]
[EventType "team-tourn"]
[EventCountry "ESP"]
[SourceTitle "playchess.com"]
[Source "ChessBase"]
[SourceQuality "1"]
[WhiteTeam "Colon Sabadell Chessy"]
[BlackTeam "Figueres"]
[TimeControl "5400+30"]

1. e4 {[%emt 0:00:12]} e5 {[%emt 0:00:00]} 2. Nf3 {[%emt 0:00:28]} Nc6 {[%emt 0:00:00]} 3. Bc4 {[%emt 0:01:03]} Bc5 {[%emt 0:00:00]} 4. d3 {[%emt 0:00:59]} Nf6 {[%emt 0:00:22]} 5. Bg5 {[%emt 0:00:20]} h6 {[%emt 0:00:46]} 6. Bh4 {[%emt 0:00:03]} d6 {[%emt 0:02:05]} 7. c3 {[%emt 0:05:18]} g5 {[%emt 0:07:40]} 8. Bg3 {[%emt 0:00:02]} Bg4 {[%emt 0:09:03]} 9. Nbd2 {[%emt 0:10:59]} Qd7 {[%emt 0:07:54]} 10. a4 {[%emt 0:10:45]} a5 {[%emt 0:05:54]} 11. Bb5 {[%emt 0:01:25]} Qe7 {[%emt 0:14:40]} 12. Nc4 {[%emt 0:09:45]} Nh5 {[%emt 0:06:19]} 13. Ne3 {[%emt 0:05:24]} Bxe3 {[%emt 0:01:42]} 14. fxe3 {[%emt 0:00:03]} Nxg3 {[%emt 0:18:38]} 15. hxg3 {[%emt 0:00:02]} O-O-O {[%emt 0:00:48]} 16. Bxc6 {[%emt 0:05:17]} bxc6 {[%emt 0:00:09]} 17. O-O {[%emt 0:12:21]} h5 {[%emt 0:11:21]} 18. Qe1 {[%emt 0:00:07]} f5 {[%emt 0:00:34]} 19. exf5 {[%emt 0:00:42]} Bxf5 {[%emt 0:00:08]} 20. e4 {[%emt 0:00:23]} Be6 {[%emt 0:00:17]} 21. b4 {[%emt 0:05:41]} h4 {[%emt 0:02:13]} 22. g4 {[%emt 0:00:25]} Bxg4 {[%emt 0:00:30]} 23. Nh2 {[%emt 0:01:39]} Be6 {[%emt 0:01:12]} 24. b5 {[%emt 0:00:25]} g4 {[%emt 0:02:24]} 25. bxc6 {[%emt 0:00:10]} d5 {[%emt 0:00:11]} 26. d4 {[%emt 0:02:27]} exd4 {[%emt 0:01:23]} 27. Qb1 {[%emt 0:04:03]} Rd6 {[%emt 0:02:01]} 28. exd5 {[%emt 0:05:22]} Rxd5 {[%emt 0:00:38]} 29. Qb7+ {[%emt 0:00:49]} Kd8 {[%emt 0:00:13]} 30. Rae1 {[%emt 0:00:03]} Qd6 {[%emt 0:00:37]} 31. Rf7 {[%emt 0:01:25]} Bc8 {[%emt 0:02:49]} 32. Qa7 {[%emt 0:13:31]} Qxc6 {[%emt 0:00:49]} 33. Ree7 {[%emt 0:01:48]} Qb6 {[%emt 0:01:01]} 34. Rxc7 {[%emt 0:02:31]} Qxa7 {[%emt 0:00:08]} 35. Rxa7 {[%emt 0:00:02]} d3 {[%emt 0:00:19]} 36. Rf1 {[%emt 0:00:14]} Re8 {[%emt 0:02:14]} 37. Rd1 {[%emt 0:00:38]} Re2 {[%emt 0:00:42]} 38. Rf7 {[%emt 0:01:19]} Bd7 {[%emt 0:00:31]} 39. Rf4 {[%emt 0:00:16]} h3 {[%emt 0:00:21]} 40. gxh3 {[%emt 0:00:27]} gxh3 {[%emt 0:00:10]} 41. Nf3 {[%emt 0:00:29]} Rg2+ {[%emt 0:01:01]} 42. Kh1 {[%emt 0:00:27]} Bg4 {[%emt 0:00:33]} 43. c4 {[%emt 0:00:34]} Rd7 {[%emt 0:00:18]} 44. Rxg4 {[%emt 0:00:32]} Rxg4 {[%emt 0:00:14]} 45. Ne5 {[%emt 0:00:02]} Rgd4 {[%emt 0:00:16]} 46. Nxd7 Kxd7 {[%emt 0:00:02]} 47. Kh2 {[%emt 0:01:27]} Kc6 {[%emt 0:00:35]} 48. Kxh3 {[%emt 0:00:14]} Kc5 {[%emt 0:00:08]} 49. Kg3 {[%emt 0:00:13]} Kxc4 {[%emt 0:00:04]} 50. Kf3 {[%emt 0:00:18]} Kc3 {[%emt 0:02:04]} 51. Ra1 {[%emt 0:00:31]} d2 {[%emt 0:00:48]} 52. Ke2 {[%emt 0:00:05]} Kb2 0-1

[Event "CAT-chT Honor Division 2019"]
[Site "Catalonia"]
[Date "2019.02.16"]
[Round "5.5"]
[White "Gutierrez Clares, Joaquim"]
[Black "Sanchez Ibern, Marc"]
[Result "1-0"]
[WhiteElo "2250"]
[BlackElo "2325"]
[Annotator "NA"]
[PlyCount "83"]
[EventDate "2019.01.16"]
[EventType "team-tourn"]
[EventCountry "ESP"]
[SourceTitle "playchess.com"]
[Source "ChessBase"]
[SourceQuality "1"]
[WhiteTeam "Sant Josep Badalona"]
[BlackTeam "Barcelona"]
[TimeControl "5400+30"]

1. d4 Nf6 2. c4 b6 3. Nf3 Bb7 4. Nc3 g6 5. g3 Bg7 6. Bg2 O-O 7. O-O Ne4 8. Qc2 Nxc3 9. Qxc3 c5 10. Be3 Nc6 11. Rfd1 Rc8 12. Qa3 Na5 13. b3 Qc7 14. Rac1 Rfd8 15. d5 d6 16. Bd2 Rb8 17. e4 Bc8 18. Bc3 Bxc3 19. Rxc3 Bg4 20. Re1 a6 21. Qc1 b5 22. Qh6 Bxf3 23. Rxf3 Rf8 24. g4 f6 25. cxb5 axb5 26. Bh3 g5 27. Rf5 Kh8 28. f4 gxf4 29. Rh5 Rf7 30. g5 Qd8 31. Be6 Qf8 32. Bxf7 Qxf7 33. g6 Qg7 34. Qxh7+ Qxh7 35. Rxh7+ Kg8 36. Rxe7 b4 37. h4 c4 38. Ra7 Nb7 39. bxc4 Nc5 40. h5 f3 41. Re3 Re8 42. h6 1-0

[Event "CAT-chT Honor Division 2019"]
[Site "Catalonia"]
[Date "2019.02.16"]
[Round "5.6"]
[White "Fantinel, Thibault"]
[Black "Fernandez Madrid, Carlos"]
[Result "1/2-1/2"]
[WhiteElo "2381"]
[BlackElo "2042"]
[Annotator "NA"]
[PlyCount "58"]
[EventDate "2019.01.16"]
[EventType "team-tourn"]
[EventCountry "ESP"]
[SourceTitle "playchess.com"]
[Source "ChessBase"]
[SourceQuality "1"]
[WhiteTeam "Barcelona"]
[BlackTeam "Sant Josep Badalona"]
[TimeControl "5400+30"]

1. c4 Nf6 2. g3 e6 3. Bg2 Be7 4. Nf3 O-O 5. O-O c5 6. d4 cxd4 7. Nxd4 Nc6 8. Nc3 d5 9. cxd5 exd5 10. b3 Bg4 11. h3 Bd7 12. Bb2 Rc8 13. e3 Qa5 14. a3 Qb6 15. Na4 Qd8 16. Rc1 Ne4 17. Ne2 Bf5 18. g4 Bg6 19. Nf4 b5 20. Nxg6 hxg6 21. Bxe4 dxe4 22. Nc5 Qxd1 23. Rfxd1 Na5 24. Nxe4 Nxb3 25. Rxc8 Rxc8 26. Rd7 Bh4 27. Rxa7 Rc2 28. Be5 Nd2 29. Nxd2 Rxd2 1/2-1/2

[Event "CAT-chT Honor Division 2019"]
[Site "Catalonia"]
[Date "2019.02.16"]
[Round "5.6"]
[White "Pi Pares, Albert"]
[Black "Bofill Mas, Alejandro"]
[Result "0-1"]
[WhiteElo "2153"]
[BlackElo "2324"]
[Annotator "NA"]
[PlyCount "98"]
[EventDate "2019.01.16"]
[EventType "team-tourn"]
[EventCountry "ESP"]
[SourceTitle "playchess.com"]
[Source "ChessBase"]
[SourceQuality "1"]
[WhiteTeam "Figueres"]
[BlackTeam "Colon Sabadell Chessy"]
[TimeControl "5400+30"]

1. e4 {[%emt 0:00:00]} c5 {[%emt 0:00:00]} 2. Nf3 {[%emt 0:00:00]} d6 {[%emt 0:00:00]} 3. Bb5+ {[%emt 0:00:19]} Bd7 {[%emt 0:00:21]} 4. Bxd7+ {[%emt 0:00:33]} Qxd7 {[%emt 0:00:21]} 5. O-O {[%emt 0:00:28]} Nf6 {[%emt 0:00:30]} 6. Re1 Nc6 {[%emt 0:01:41]} 7. c3 {[%emt 0:02:29]} e6 {[%emt 0:01:49]} 8. d4 {[%emt 0:08:40]} cxd4 {[%emt 0:00:27]} 9. cxd4 {[%emt 0:00:12]} d5 {[%emt 0:00:15]} 10. e5 {[%emt 0:00:40]} Ne4 11. Re2 {[%emt 0:04:04]} Rc8 {[%emt 0:03:41]} 12. Be3 {[%emt 0:02:24]} Be7 {[%emt 0:04:16]} 13. Rc2 {[%emt 0:13:43]} O-O 14. Nbd2 Nxd2 {[%emt 0:19:30]} 15. Bxd2 {[%emt 0:03:14]} Bd8 {[%emt 0:05:02]} 16. Rac1 {[%emt 0:03:51]} Bb6 {[%emt 0:01:08]} 17. Bc3 a6 {[%emt 0:03:44]} 18. Qd3 {[%emt 0:10:43]} h6 {[%emt 0:02:59]} 19. Bd2 {[%emt 0:05:23]} Na7 {[%emt 0:04:54]} 20. Qb3 {[%emt 0:09:52]} Rxc2 {[%emt 0:02:29]} 21. Rxc2 {[%emt 0:04:10]} Qb5 {[%emt 0:03:11]} 22. Bb4 {[%emt 0:11:32]} Rc8 {[%emt 0:01:10]} 23. a4 {[%emt 0:10:37]} Qd7 24. h4 Rxc2 {[%emt 0:04:13]} 25. Qxc2 {[%emt 0:00:36]} Qc6 {[%emt 0:00:38]} 26. Bc5 {[%emt 0:04:37]} a5 {[%emt 0:06:15]} 27. Ne1 {[%emt 0:01:08]} Bxc5 {[%emt 0:01:46]} 28. dxc5 {[%emt 0:00:49]} b6 {[%emt 0:02:04]} 29. Nd3 {[%emt 0:01:05]} bxc5 {[%emt 0:03:48]} 30. Nxc5 d4 {[%emt 0:03:50]} 31. Qc1 {[%emt 0:02:42]} Qd5 {[%emt 0:02:27]} 32. Nd3 {[%emt 0:01:03]} Nc6 {[%emt 0:02:16]} 33. f4 {[%emt 0:00:14]} h5 34. Kf2 {[%emt 0:00:51]} Qe4 {[%emt 0:03:36]} 35. Nc5 {[%emt 0:00:33]} Qd5 {[%emt 0:01:16]} 36. Nd3 {[%emt 0:00:11]} g6 37. g3 {[%emt 0:00:40]} Kg7 {[%emt 0:02:27]} 38. Qc2 {[%emt 0:00:07]} Qh1 {[%emt 0:02:53]} 39. Qe2 {[%emt 0:01:08]} Qb1 40. Qd2 Qh1 {[%emt 0:03:02]} 41. Qc1 {[%emt 0:01:19]} Qh2+ {[%emt 0:00:33]} 42. Kf3 {[%emt 0:00:05]} Ne7 {[%emt 0:00:27]} 43. Nf2 {[%emt 0:00:01]} Nf5 {[%emt 0:01:35]} 44. Ne4 {[%emt 0:00:13]} Ne3 45. Nf2 Qg2+ {[%emt 0:02:12]} 46. Ke2 {[%emt 0:00:36]} Qxg3 47. Qc5 {[%emt 0:00:45]} Qxf4 {[%emt 0:01:37]} 48. Qxa5 {[%emt 0:00:08]} Nc4 {[%emt 0:00:40]} 49. Qc5 {[%emt 0:00:10]} Qe3+ 0-1

[Event "CAT-chT Honor Division 2019"]
[Site "Catalonia"]
[Date "2019.02.16"]
[Round "5.7"]
[White "Perpinya Rofes, Lluis Maria"]
[Black "Banos, Oscar"]
[Result "1-0"]
[WhiteElo "2317"]
[BlackElo "2172"]
[Annotator "NA"]
[PlyCount "69"]
[EventDate "2019.01.16"]
[EventType "team-tourn"]
[EventCountry "ESP"]
[SourceTitle "playchess.com"]
[Source "ChessBase"]
[SourceQuality "1"]
[WhiteTeam "Colon Sabadell Chessy"]
[BlackTeam "Figueres"]
[TimeControl "5400+30"]

1. e4 {[%emt 0:01:12]} e6 {[%emt 0:00:00]} 2. d4 {[%emt 0:00:08]} d5 {[%emt 0:00:00]} 3. Nc3 {[%emt 0:00:16]} Nf6 {[%emt 0:00:00]} 4. e5 {[%emt 0:00:53]} Nfd7 {[%emt 0:00:00]} 5. Nce2 {[%emt 0:01:22]} c5 {[%emt 0:02:10]} 6. c3 {[%emt 0:00:06]} Nc6 {[%emt 0:00:09]} 7. Nf3 {[%emt 0:00:39]} cxd4 {[%emt 0:01:10]} 8. cxd4 {[%emt 0:00:05]} f6 {[%emt 0:00:12]} 9. exf6 {[%emt 0:00:58]} Qxf6 {[%emt 0:00:53]} 10. Nc3 {[%emt 0:11:45]} Bd6 {[%emt 0:00:24]} 11. Bd3 {[%emt 0:03:11]} h6 {[%emt 0:00:51]} 12. O-O {[%emt 0:01:37]} O-O {[%emt 0:00:28]} 13. a3 {[%emt 0:02:28]} Rd8 {[%emt 0:01:35]} 14. Re1 {[%emt 0:10:31]} Nf8 {[%emt 0:00:46]} 15. b4 {[%emt 0:01:35]} Bd7 {[%emt 0:04:30]} 16. b5 {[%emt 0:08:31]} Ne7 {[%emt 0:04:57]} 17. Ne5 {[%emt 0:03:37]} Nf5 {[%emt 0:13:18]} 18. Qg4 {[%emt 0:06:53]} Rac8 {[%emt 0:04:48]} 19. Nxd5 {[%emt 0:06:52]} exd5 {[%emt 0:00:29]} 20. Nxd7 {[%emt 0:00:04]} Rxd7 {[%emt 0:01:03]} 21. Bxf5 {[%emt 0:03:09]} Rf7 {[%emt 0:01:02]} 22. Bf4 {[%emt 0:05:39]} Rd8 {[%emt 0:08:37]} 23. Bxd6 {[%emt 0:05:31]} Rxd6 {[%emt 0:00:15]} 24. Qg3 {[%emt 0:00:41]} Rb6 {[%emt 0:01:37]} 25. Bd3 {[%emt 0:03:35]} Qxd4 {[%emt 0:00:48]} 26. Rad1 {[%emt 0:00:56]} Qa4 {[%emt 0:07:23]} 27. Bb1 {[%emt 0:08:49]} Rxb5 {[%emt 0:08:45]} 28. Ba2 {[%emt 0:01:02]} Rd7 {[%emt 0:03:37]} 29. Qf3 {[%emt 0:01:42]} Qa5 {[%emt 0:15:22]} 30. Re8 {[%emt 0:02:00]} Rf7 {[%emt 0:00:29]} 31. Bxd5 {[%emt 0:02:59]} Rxd5 {[%emt 0:00:14]} 32. Qxd5 {[%emt 0:00:33]} Qxa3 {[%emt 0:00:15]} 33. Rde1 {[%emt 0:01:05]} Qb4 {[%emt 0:01:22]} 34. g3 {[%emt 0:02:27]} g6 {[%emt 0:01:32]} 35. R8e7 {[%emt 0:01:21]} 1-0